000
00254 a2200109 4500
001
50745
040
_c
Anchieta - Pituba
240
1
0
_a
Deutsch.com 2
_l
245
1
0
_a
Deutsch.com 2
650
4
_a
Línguas germânicas (teutônicas) língua alemã
942
_c
MU
999
_c
50745
_d
50745